00461nam a22001577a 450000500170000000800280001702000220004504000140006708200240008110000240010524500360012925000160016526000400018130000270022150000550024820240131152619.0 sa 000 d zul  a1919778268 (pbk.) aRDAc322804aZUL 896.398623 CELE1 aCele, Thuthukani T.10aAyimale! /cThuthukani T. Cele. a1st edition aPietermaritzburg :bIkhwezi,c2004. aiv, 52 pages ;c21 cm. aTranslation of title: Let her reject him: [drama].